| 000 | 00528nam a22001697a 4500 | ||
|---|---|---|---|
| 005 | 20251108172551.0 | ||
| 008 | 250721s9999 xx 000 0 ara d | ||
| 082 | 1 | 4 | _a346.07عمر |
| 100 | 1 | _aالعمروسي، أنور | |
| 245 | 1 | 0 | _aقواعد وإجراءات البروستو في القانون التجاري / |
| 250 | _aط 2 | ||
| 264 | 1 |
_aالقاهرة : _bدار محمود للنشر والتوزيع، |
|
| 300 | _a305 ص | ||
| 650 | 1 | 7 | _aالقانون التجاري |
| 942 |
_2ddc _cBK |
||
| 999 |
_c82713 _d82713 |
||